Statistics for Colombian soccer players scoring during the World Cup

Click here to take the quiz!

General Stats

  • This quiz has been taken 337 times
    (251 since last reset)
  • The average score is 7 of 20

Answer Stats

GoalsYear(s)Player% Correct
62014James Rodriguez
98%
12018Radamel Falcao
83%
22014, 2018Juan Cuadrado
71%
32018Yerry Mina
60%
11990Carlos Valderrama
58%
22014Jackson Martinez
47%
22014, 2018Juan Quintero
46%
12014Teofilo Gutierrez
35%
11990Freddy Rincon
31%
21994Adolfo Valencia
28%
12014Pablo Armero
27%
11962Marcos Coll
12%
11994Harold Lozano
10%
11998Leider Preciado
9%
11994Hernan Gaviria
8%
11962Antonio Rada
7%
21990Bernardo Redín
7%
11962Francisco Zuluaga
5%
11962German Aceros
5%
11962Marino Klinger
5%

Score Distribution

Percentile by Number Answered

Percent of People with Each Score

Your Score History

You have not taken this quiz since the last reset